[Event "European Blitz Championship 2021"]
[Site "Katowice"]
[Date "2021.12.17"]
[Round "9.8"]
[White "Kozak, Antoni"]
[Black "Grzesik, Gracjan"]
[Result "0-1"]
[WhiteElo "2272"]
[BlackElo "2208"]
[Annotator "ChessBase"]
[PlyCount "122"]
[EventDate "2021.12.17"]
[EventType "swiss"]
[EventCountry "POL"]
[SourceTitle "playchess.com"]
[Source "ChessBase"]
[SourceQuality "1"]

1. d4 Nf6 2. Nf3 e6 3. e3 d5 4. Bd3 Be7 5. b3 O-O 6. Bb2 b6 7. O-O Bb7 8. Nbd2
c5 9. Qe2 Nc6 10. a3 Rc8 11. Ne5 Qc7 12. f4 Nxe5 13. fxe5 Ne4 14. c4 f5 15.
cxd5 exd5 16. Rac1 Qd7 17. Nf3 Qe6 18. Rc2 g6 19. Rfc1 Kg7 20. dxc5 bxc5 21. b4
c4 22. Bxe4 fxe4 23. Nd4 Qb6 24. Qg4 Kg8 25. h4 h5 26. Qg3 Rce8 27. Rf1 Rxf1+
28. Kxf1 Rf8+ 29. Rf2 Bc8 30. e6 Kh7 31. Qe5 Rxf2+ 32. Kxf2 Qd6 33. Nc6 Qxe5
34. Bxe5 Bxh4+ 35. g3 Bg5 36. Nxa7 Bxe6 37. b5 Bd8 38. Nc6 Bb6 39. Bd4 Bxd4 40.
Nxd4 Bc8 41. b6 Kg7 42. Nb5 Ba6 43. Nd6 c3 44. Ke1 g5 45. b7 Bxb7 46. Nxb7 h4
47. gxh4 gxh4 48. Nd6 Kf6 49. Nb5 c2 50. Kd2 h3 51. Nd4 h2 52. Nxc2 h1=Q 53.
Kc3 Qb1 54. Nb4 Qa1+ 55. Kb3 d4 56. exd4 Qxd4 57. a4 e3 58. Nc2 Qd3+ 59. Kb2 e2
60. a5 Qxc2+ 61. Kxc2 e1=Q 0-1

[Event "European Blitz Championship 2021"]
[Site "Katowice"]
[Date "2021.12.17"]
[Round "9.9"]
[White "Schneider, Ilja"]
[Black "Ustianovich, Nazar"]
[Result "1-0"]
[WhiteElo "2486"]
[BlackElo "2278"]
[Annotator "ChessBase"]
[PlyCount "92"]
[EventDate "2021.12.17"]
[EventType "swiss"]
[EventCountry "POL"]
[SourceTitle "playchess.com"]
[Source "ChessBase"]
[SourceQuality "1"]

1. e4 c5 2. Nc3 g6 3. d4 Bg7 4. dxc5 Qa5 5. Bd2 Qxc5 6. Nd5 e6 7. Bb4 Qc6 8.
Bb5 exd5 9. Bxc6 Nxc6 10. Bc3 d4 11. Bd2 Nf6 12. Nf3 Nxe4 13. Qe2 d5 14. O-O
O-O 15. Bf4 Bf5 16. Rfe1 a6 17. Rad1 Rac8 18. a3 h6 19. h3 g5 20. Bh2 Rfe8 21.
Qd3 Bg6 22. Qb3 Red8 23. Qxb7 Na5 24. Qxa6 Nc4 25. b3 Nb2 26. Rxd4 Rxc2 27. Qa5
Rdc8 28. Rxd5 Bc3 29. Rd8+ Rxd8 30. Qxd8+ Kh7 31. Rf1 Nd2 32. Nxd2 Rxd2 33. Qc7
Bd4 34. Be5 Bxe5 35. Qxe5 Rc2 36. a4 Nd3 37. Qd4 Rb2 38. a5 Rxb3 39. a6 Ra3 40.
a7 Nf4 41. Kh2 Ne6 42. Qb6 Be4 43. f3 Ba8 44. Qb8 Bd5 45. Rd1 Bc6 46. Rd6 Bxf3
1-0

[Event "European Blitz Championship 2021"]
[Site "Katowice"]
[Date "2021.12.17"]
[Round "9.9"]
[White "Grzadka, Marcin"]
[Black "Kulon, Klaudia"]
[Result "0-1"]
[WhiteElo "2057"]
[BlackElo "2265"]
[Annotator "NA"]
[PlyCount "66"]
[EventDate "2021.12.17"]
[EventType "swiss"]
[EventCountry "POL"]
[SourceTitle "playchess.com"]
[Source "ChessBase"]
[SourceQuality "1"]

1. d4 Nf6 2. c3 g6 3. Bg5 Bg7 4. f3 d5 5. Qd2 O-O 6. Bh6 c5 7. Bxg7 Kxg7 8. e3
b6 9. Na3 Nc6 10. g4 e5 11. h4 exd4 12. exd4 Re8+ 13. Be2 cxd4 14. cxd4 h5 15.
O-O-O Qe7 16. Bb5 Bd7 17. Ne2 Qe3 18. g5 Ng8 19. Kb1 Qxd2 20. Rxd2 a6 21. Bd3
Nb4 22. Nf4 Nxd3 23. Nxd3 Re3 24. Ne5 Bf5+ 25. Ka1 Rc8 26. Nb1 Ne7 27. Nc3 Be6
28. a4 Nf5 29. Ka2 Nxd4 30. Rxd4 Rxe5 31. f4 Re3 32. Nxd5 Re4 33. f5 Rxd4 0-1

[Event "European Blitz Championship 2021"]
[Site "Katowice"]
[Date "2021.12.17"]
[Round "9.10"]
[White "Dzierzak, Radoslaw"]
[Black "Wisniewski, Michal"]
[Result "1-0"]
[WhiteElo "2264"]
[BlackElo "2215"]
[Annotator "NA"]
[PlyCount "51"]
[EventDate "2021.12.17"]
[EventType "swiss"]
[EventCountry "POL"]
[SourceTitle "playchess.com"]
[Source "ChessBase"]
[SourceQuality "1"]

1. e4 Nf6 2. e5 Nd5 3. Nc3 Nxc3 4. dxc3 d6 5. Bf4 Nc6 6. Nf3 Bg4 7. Bb5 e6 8.
h3 Bxf3 9. Qxf3 d5 10. O-O a6 11. Be2 g6 12. Qg3 Bg7 13. Rad1 Qe7 14. Bf3 Qc5
15. Rfe1 O-O-O 16. Be2 d4 17. cxd4 Nxd4 18. Bd3 Rd7 19. c3 Nc6 20. Bc2 Rhd8 21.
Rxd7 Rxd7 22. b4 Nxb4 23. Be4 Nd5 24. Bd2 Nb6 25. Bg5 Qxe5 26. Bxb7+ 1-0

[Event "European Blitz Championship 2021"]
[Site "Katowice"]
[Date "2021.12.17"]
[Round "9.10"]
[White "Lewtak, Damian"]
[Black "Tazbir, Marcin"]
[Result "0-1"]
[WhiteElo "2203"]
[BlackElo "2508"]
[Annotator "ChessBase"]
[PlyCount "124"]
[EventDate "2021.12.17"]
[EventType "swiss"]
[EventCountry "POL"]
[SourceTitle "playchess.com"]
[Source "ChessBase"]
[SourceQuality "1"]

1. c3 Nf6 2. d4 d6 3. Nf3 g6 4. h3 Bg7 5. Bf4 O-O 6. e3 c5 7. Nbd2 Be6 8. dxc5
dxc5 9. Bc4 Bd5 10. Qe2 Qb6 11. Bxd5 Nxd5 12. Nc4 Qa6 13. Nce5 Nxf4 14. exf4
Rd8 15. Qxa6 Nxa6 16. Ke2 Rd6 17. Rhd1 Rad8 18. Nc4 R6d7 19. Na5 Kf8 20. Rxd7
Rxd7 21. Rd1 Rxd1 22. Kxd1 b6 23. Nc6 Nc7 24. Nxa7 Ke8 25. a4 Kd7 26. Nb5 Nxb5
27. axb5 h6 28. Ke2 Kd6 29. Nd2 Kd5 30. Kd3 e5 31. fxe5 Bxe5 32. Nc4 Bc7 33.
Ne3+ Ke5 34. f4+ Ke6 35. g3 f5 36. h4 g5 37. hxg5 hxg5 38. c4 gxf4 39. gxf4 Bd8
40. Nd5 Kd6 41. Kc3 Kd7 42. b4 cxb4+ 43. Kxb4 Kd6 44. Kc3 Kd7 45. Kd3 Ke6 46.
Kd4 Bh4 47. Ke3 Bd8 48. Kd3 Kd6 49. Kd4 Bh4 50. Ne3 Bf6+ 51. Kd3 Ke6 52. Ke2
Bh4 53. Nd5 Bd8 54. Kd3 Kd6 55. Ne3 Ke6 56. c5 bxc5 57. Kc4 Bc7 58. Nd5 Bd6 59.
b6 Kd7 60. Kb5 c4 61. Kxc4 Kc6 62. Kd4 Bxf4 0-1

[Event "European Blitz Championship 2021"]
[Site "Katowice"]
[Date "2021.12.17"]
[Round "9.11"]
[White "Janik, Igor"]
[Black "Kowalski, Igor"]
[Result "0-1"]
[WhiteElo "2508"]
[BlackElo "2276"]
[Annotator "ChessBase"]
[PlyCount "50"]
[EventDate "2021.12.17"]
[EventType "swiss"]
[EventCountry "POL"]
[SourceTitle "playchess.com"]
[Source "ChessBase"]
[SourceQuality "1"]

1. c4 Nf6 2. Nf3 g6 3. d4 Bg7 4. g3 O-O 5. Bg2 c6 6. O-O d5 7. Qb3 Ne4 8. Bf4
a5 9. cxd5 cxd5 10. Be5 Nc6 11. Bxg7 Kxg7 12. Nc3 Nxc3 13. Qxc3 Bf5 14. Qb3 Qd7
15. Rfc1 Be4 16. e3 Rfc8 17. Rc5 Nb4 18. a3 Nd3 19. Rc3 a4 20. Qa2 Rxc3 21.
bxc3 Rc8 22. Qd2 Qc6 23. Qd1 Qxc3 24. Rb1 Qxa3 25. Rxb7 Rc1 0-1

[Event "European Blitz Championship 2021"]
[Site "Katowice"]
[Date "2021.12.17"]
[Round "9.11"]
[White "Warchol, Bartosz"]
[Black "Bauer, Thomas"]
[Result "0-1"]
[WhiteElo "1737"]
[BlackElo "2204"]
[Annotator "NA"]
[PlyCount "50"]
[EventDate "2021.12.17"]
[EventType "swiss"]
[EventCountry "POL"]
[SourceTitle "playchess.com"]
[Source "ChessBase"]
[SourceQuality "1"]

1. d4 Nf6 2. c4 c5 3. d5 e6 4. Nc3 exd5 5. cxd5 d6 6. Nf3 g6 7. e4 Bg7 8. h3
O-O 9. Bd3 Nh5 10. O-O Nd7 11. Bg5 Bf6 12. Bh6 Re8 13. Re1 a6 14. a4 Ne5 15.
Nxe5 Bxe5 16. Qf3 Qh4 17. Bd2 g5 18. Bf1 g4 19. Qe3 gxh3 20. g3 Bxg3 21. fxg3
h2+ 22. Kh1 Nxg3+ 23. Qxg3+ Qxg3 24. Bg2 Kh8 25. Rf1 Rg8 0-1

[Event "European Blitz Championship 2021"]
[Site "Katowice"]
[Date "2021.12.17"]
[Round "9.12"]
[White "Mirzoev, Emil"]
[Black "Kacprzak, Kacper"]
[Result "1-0"]
[WhiteElo "2474"]
[BlackElo "2245"]
[Annotator "ChessBase"]
[PlyCount "59"]
[EventDate "2021.12.17"]
[EventType "swiss"]
[EventCountry "POL"]
[SourceTitle "playchess.com"]
[Source "ChessBase"]
[SourceQuality "1"]

1. c4 Nf6 2. Nc3 e6 3. d4 Bb4 4. f3 O-O 5. a3 Bxc3+ 6. bxc3 d5 7. cxd5 exd5 8.
e3 c5 9. Bd3 b6 10. Ne2 Ba6 11. O-O Bxd3 12. Qxd3 Re8 13. Ng3 Nc6 14. Bb2 h5
15. Rae1 Qd7 16. e4 cxd4 17. cxd4 h4 18. Nf5 h3 19. e5 hxg2 20. Rf2 Nh5 21. Bc1
Re6 22. Rxg2 Rg6 23. Rxg6 fxg6 24. e6 Qe8 25. Nd6 Qe7 26. Qxg6 Qxd6 27. Qf7+
Kh7 28. Qxh5+ Kg8 29. Qf7+ Kh7 30. e7 1-0

[Event "European Blitz Championship 2021"]
[Site "Katowice"]
[Date "2021.12.17"]
[Round "9.12"]
[White "Posluszny, Tomasz"]
[Black "Kukula, Pawel"]
[Result "0-1"]
[WhiteElo "1803"]
[BlackElo "2191"]
[Annotator "NA"]
[PlyCount "64"]
[EventDate "2021.12.17"]
[EventType "swiss"]
[EventCountry "POL"]
[SourceTitle "playchess.com"]
[Source "ChessBase"]
[SourceQuality "1"]

1. d4 e6 2. c4 Nf6 3. Nf3 c5 4. d5 exd5 5. cxd5 Bd6 6. Nc3 Bc7 7. e4 d6 8. Be2
a6 9. a4 O-O 10. O-O Re8 11. Nd2 Nbd7 12. Qc2 Rb8 13. h3 Ne5 14. f4 Ng6 15. Ra3
Bd7 16. a5 Bxa5 17. Nc4 Bc7 18. e5 dxe5 19. f5 Nf4 20. d6 Bb6 21. Bf3 Ba7 22.
g3 b5 23. Rxa6 bxc4 24. Rxa7 Nd3 25. g4 e4 26. Nxe4 Nxe4 27. Qxc4 Nxc1 28. Bxe4
Ne2+ 29. Qxe2 c4 30. Rc7 Bb5 31. Qf3 Qxd6 32. Ra7 Qd4+ 0-1

[Event "European Blitz Championship 2021"]
[Site "Katowice"]
[Date "2021.12.17"]
[Round "9.13"]
[White "Sadzikowski, Daniel"]
[Black "Luberanski, Jakub"]
[Result "1-0"]
[WhiteElo "2525"]
[BlackElo "2072"]
[Annotator "ChessBase"]
[PlyCount "79"]
[EventDate "2021.12.17"]
[EventType "swiss"]
[EventCountry "POL"]
[SourceTitle "playchess.com"]
[Source "ChessBase"]
[SourceQuality "1"]

1. c4 e5 2. g3 Nf6 3. Bg2 Bc5 4. d3 O-O 5. Nf3 d6 6. O-O h6 7. Nc3 Re8 8. Na4
Bb6 9. Nxb6 axb6 10. b3 Nc6 11. Bb2 Bf5 12. h3 Qe7 13. e4 Be6 14. Nh4 Nd4 15.
Bxd4 exd4 16. f4 c5 17. Nf3 Bd7 18. a4 Bc6 19. Qd2 Nd7 20. Rae1 Qd8 21. g4 Qb8
22. Qf2 Qa7 23. g5 hxg5 24. Nxg5 f6 25. Nf3 Qa5 26. Nh4 Qc3 27. Qg3 Nf8 28. Nf5
g6 29. Nxd6 Red8 30. e5 Qxb3 31. Bxc6 bxc6 32. Ne4 f5 33. Nf6+ Kf7 34. Qh4 Qxd3
35. Rf2 Rxa4 36. Rfe2 Ra3 37. e6+ Nxe6 38. Qh7+ Kf8 39. Qg8+ Ke7 40. Rxe6# 1-0

[Event "European Blitz Championship 2021"]
[Site "Katowice"]
[Date "2021.12.17"]
[Round "9.13"]
[White "Niedbala, Bartlomiej"]
[Black "Skrzypczynski, Kacper"]
[Result "1-0"]
[WhiteElo "2179"]
[BlackElo "1443"]
[Annotator "NA"]
[PlyCount "79"]
[EventDate "2021.12.17"]
[EventType "swiss"]
[EventCountry "POL"]
[SourceTitle "playchess.com"]
[Source "ChessBase"]
[SourceQuality "1"]

1. Nf3 Nf6 2. g3 d5 3. Bg2 g6 4. c4 c6 5. b3 Bg7 6. Bb2 O-O 7. O-O Bg4 8. h3
Bxf3 9. Bxf3 Nbd7 10. d3 e5 11. Bg2 Re8 12. cxd5 Nxd5 13. Nd2 f5 14. a3 N7b6
15. Qc2 Rc8 16. Rfe1 h5 17. e4 Ne7 18. exf5 Nxf5 19. Nf3 Qd6 20. Rad1 Rcd8 21.
b4 Nd4 22. Nxd4 exd4 23. Bc1 Nd5 24. Bg5 Rxe1+ 25. Rxe1 Rf8 26. Qc4 Rf5 27. Bf4
Qd7 28. Bd2 Kh7 29. a4 Nb6 30. Qb3 Qf7 31. Qxf7 Rxf7 32. a5 Na4 33. a6 bxa6 34.
Bxc6 Nc3 35. Ra1 Re7 36. Kf1 Rc7 37. Rxa6 Kg8 38. b5 Kf8 39. Bf4 Rc8 40. Rxa7
1-0

[Event "European Blitz Championship 2021"]
[Site "Katowice"]
[Date "2021.12.17"]
[Round "9.14"]
[White "Danielyan, Vahe"]
[Black "Sokolowski, Jacek"]
[Result "1-0"]
[WhiteElo "2332"]
[BlackElo "2043"]
[Annotator "NA"]
[PlyCount "113"]
[EventDate "2021.12.17"]
[EventType "swiss"]
[EventCountry "POL"]
[SourceTitle "playchess.com"]
[Source "ChessBase"]
[SourceQuality "1"]

1. e4 Nf6 2. d3 d5 3. Nd2 e5 4. Ngf3 dxe4 5. dxe4 Bc5 6. Bc4 O-O 7. O-O Nbd7 8.
c3 c6 9. h3 b5 10. Bb3 Qc7 11. a4 b4 12. Qc2 bxc3 13. bxc3 Rb8 14. a5 Ba6 15.
Bc4 Bb5 16. Qa2 h6 17. Nh4 Kh7 18. Nf5 g6 19. Ng3 Kg7 20. Nf3 a6 21. Nh4 Qa7
22. Bxb5 axb5 23. Bxh6+ Kxh6 24. Qd2+ Kh7 25. Nhf5 Ng8 26. Qg5 Ndf6 27. Qh4+
Nh5 28. Nxh5 gxf5 29. Ng3+ Kg6 30. exf5+ Kg7 31. f6+ Nxf6 32. Qg5+ Kh7 33. Qxf6
Rg8 34. Qh4+ Kg7 35. Nf5+ Kf8 36. Qh6+ Ke8 37. Qxc6+ Kf8 38. Rae1 Rg6 39. Qe4
Re8 40. Ne3 Kg7 41. Nf5+ Kf8 42. Ne3 Kg7 43. Qf3 Rg8 44. g4 Kh7 45. Kg2 Qd7 46.
Nf5 Rg5 47. Kh1 Ba7 48. Rxe5 Qc7 49. Re4 Qc6 50. Re3 Qg6 51. Re7 Rf8 52. Rd1
Rg8 53. Rdd7 Rf8 54. Nh4 Qh6 55. Rxf7+ Rxf7 56. Qxf7+ Rg7 57. Qxg7+ 1-0

[Event "European Blitz Championship 2021"]
[Site "Katowice"]
[Date "2021.12.17"]
[Round "9.14"]
[White "Krawczyk, Flawian"]
[Black "Tymrakiewicz, Rafal"]
[Result "1/2-1/2"]
[WhiteElo "2154"]
[BlackElo "2172"]
[Annotator "NA"]
[PlyCount "59"]
[EventDate "2021.12.17"]
[EventType "swiss"]
[EventCountry "POL"]
[SourceTitle "playchess.com"]
[Source "ChessBase"]
[SourceQuality "1"]

1. d4 Nf6 2. c4 g6 3. Nc3 Bg7 4. e4 O-O 5. h3 c5 6. d5 e6 7. Be3 exd5 8. exd5
d6 9. Bd3 Nfd7 10. Nf3 Ne5 11. Nxe5 Bxe5 12. O-O Nd7 13. Qd2 f5 14. Bg5 Bf6 15.
Bxf6 Qxf6 16. Rae1 Ne5 17. f4 Nxd3 18. Qxd3 Bd7 19. b3 Rfe8 20. Kh2 Qh4 21. g3
Qf6 22. a4 a6 23. Qd2 Kf7 24. Kg2 Qh8 25. Rf3 Rxe1 26. Qxe1 Re8 27. Re3 Rxe3
28. Qxe3 Qe8 29. Qxe8+ Bxe8 30. Kf3 1/2-1/2

[Event "European Blitz Championship 2021"]
[Site "Katowice"]
[Date "2021.12.17"]
[Round "9.15"]
[White "Gumularz, Szymon"]
[Black "Malek, Jan"]
[Result "1-0"]
[WhiteElo "2533"]
[BlackElo "1838"]
[Annotator "ChessBase"]
[PlyCount "119"]
[EventDate "2021.12.17"]
[EventType "swiss"]
[EventCountry "POL"]
[SourceTitle "playchess.com"]
[Source "ChessBase"]
[SourceQuality "1"]

1. e4 c5 2. Nf3 Nc6 3. Bb5 e6 4. O-O Nge7 5. d4 cxd4 6. Nxd4 Qc7 7. Be3 a6 8.
Be2 d6 9. Nc3 Nxd4 10. Qxd4 Nc6 11. Qb6 Qxb6 12. Bxb6 Bd7 13. Rfd1 Be7 14. Bc7
Rc8 15. Bxd6 Bxd6 16. Rxd6 Ke7 17. Rd2 b5 18. a3 Rc7 19. f3 Na5 20. Kf2 Rhc8
21. Bd3 Rc5 22. Nd1 Nc6 23. c3 Ne5 24. Be2 g5 25. Ne3 Be8 26. Nc2 R5c7 27. Nb4
Ra8 28. Rh1 h6 29. h4 Rb7 30. hxg5 hxg5 31. Rh8 a5 32. Nc2 Rc8 33. Nd4 Rcc7 34.
Ke3 b4 35. cxb4 axb4 36. axb4 Rxb4 37. b3 Rc3+ 38. Kf2 Nc6 39. Nxc6+ Bxc6 40.
Bc4 Ba4 41. Bxe6 Bxb3 42. Bxb3 Rbxb3 43. Rg8 Rc5 44. Ra2 Rcb5 45. Kg3 f6 46.
Ra6 Kf7 47. Rc8 Rb6 48. Rc7+ Ke6 49. Raa7 Rb2 50. Re7+ Kd6 51. Rad7+ Kc5 52.
Rd5+ Kc4 53. Rc7+ Kb3 54. Kh3 Re2 55. g3 Kb2 56. Kg4 Re3 57. Rcc5 Ra3 58. Rb5+
Rxb5 59. Rxb5+ Kc2 60. Rb6 1-0

[Event "European Blitz Championship 2021"]
[Site "Katowice"]
[Date "2021.12.17"]
[Round "9.15"]
[White "Madej, Marek"]
[Black "Starek, Stanislav"]
[Result "1-0"]
[WhiteElo "2017"]
[BlackElo "2159"]
[Annotator "NA"]
[PlyCount "115"]
[EventDate "2021.12.17"]
[EventType "swiss"]
[EventCountry "POL"]
[SourceTitle "playchess.com"]
[Source "ChessBase"]
[SourceQuality "1"]

1. f4 Nf6 2. Nf3 g6 3. e3 Bg7 4. Be2 O-O 5. O-O d6 6. d4 b6 7. b3 Bb7 8. Bb2
Nbd7 9. Nbd2 c5 10. c3 Ne4 11. Nxe4 Bxe4 12. Nd2 Bb7 13. e4 f5 14. e5 cxd4 15.
cxd4 dxe5 16. fxe5 b5 17. Nf3 a6 18. Ng5 Qb6 19. Kh1 h6 20. Nh3 e6 21. a4 Rfd8
22. Bf3 Nxe5 23. Bxb7 Qxb7 24. Qe2 Nf7 25. Qxe6 Rd6 26. Qe2 bxa4 27. bxa4 Bxd4
28. Bxd4 Rxd4 29. Nf4 Kh7 30. Rab1 Qd7 31. Rb6 Re8 32. Qf2 Rd6 33. a5 Re4 34.
h3 g5 35. Nh5 Kg6 36. Ng3 Rf4 37. Qe2 Rxf1+ 38. Qxf1 f4 39. Qb1+ Kg7 40. Nf5+
Kf6 41. Nxd6 Nxd6 42. Qb4 Ke7 43. Rxa6 Qc7 44. Rxd6 Qxd6 45. Qxd6+ Kxd6 46. Kg1
Kc5 47. Kf2 Kb5 48. Kf3 Kxa5 49. Kg4 Kb4 50. Kh5 Kc3 51. Kxh6 g4 52. hxg4 Kd3
53. g5 Ke3 54. g6 Kf2 55. g7 Kxg2 56. g8=Q+ Kf2 57. Kg5 f3 58. Kf4 1-0

[Event "European Blitz Championship 2021"]
[Site "Katowice"]
[Date "2021.12.17"]
[Round "9.16"]
[White "Czernek, Tymon"]
[Black "Reimanis, Ritvars"]
[Result "0-1"]
[WhiteElo "2197"]
[BlackElo "2397"]
[Annotator "ChessBase"]
[PlyCount "112"]
[EventDate "2021.12.17"]
[EventType "swiss"]
[EventCountry "POL"]
[SourceTitle "playchess.com"]
[Source "ChessBase"]
[SourceQuality "1"]

1. e4 c5 2. Nf3 Nc6 3. d4 cxd4 4. Nxd4 Nf6 5. Nc3 d6 6. Bg5 e6 7. Qd3 a6 8.
O-O-O Qc7 9. f4 Be7 10. Bxf6 gxf6 11. Be2 Nxd4 12. Qxd4 Qc5 13. Qxc5 dxc5 14.
Na4 Bd7 15. Nb6 Rd8 16. Nxd7 Rxd7 17. f5 Bd6 18. g3 Be5 19. Rxd7 Kxd7 20. Rd1+
Ke7 21. Bh5 Rg8 22. a4 Rg5 23. Bf3 b6 24. fxe6 fxe6 25. Be2 a5 26. Bb5 Bd6 27.
c3 h5 28. Rd2 h4 29. gxh4 Rg4 30. Kc2 Rxh4 31. Rg2 Kf7 32. Rd2 Ke7 33. Rg2 Rxh2
34. Rxh2 Bxh2 35. Kd3 Kd6 36. Ke3 Ke5 37. Kf3 Bf4 38. Be2 Bc1 39. b3 Bd2 40. c4
Kd4 41. Bd1 Bc1 42. Bc2 Kc3 43. Bd1 Kd3 44. Be2+ Kc2 45. e5 fxe5 46. Ke4 Bb2
47. Bg4 Kxb3 48. Bxe6 Kxa4 49. Kd3 Kb3 50. Bg4 e4+ 51. Kxe4 Kxc4 52. Be6+ Kc3
53. Ke3 c4 54. Ke2 a4 55. Bf5 a3 56. Bb1 Kb3 0-1

[Event "European Blitz Championship 2021"]
[Site "Katowice"]
[Date "2021.12.17"]
[Round "9.16"]
[White "Semjonovs, Ilja"]
[Black "Lubczynski, Rafal"]
[Result "0-1"]
[WhiteElo "2095"]
[BlackElo "2361"]
[Annotator "NA"]
[PlyCount "39"]
[EventDate "2021.12.17"]
[EventType "swiss"]
[EventCountry "POL"]
[SourceTitle "playchess.com"]
[Source "ChessBase"]
[SourceQuality "1"]

1. d4 Nf6 2. Nf3 b5 3. Bg5 Ne4 4. Bf4 Bb7 5. e3 a6 6. Nbd2 e6 7. Bd3 d5 8. O-O
Nd7 9. Ne5 c5 10. c3 Be7 11. Nxd7 Qxd7 12. Nf3 f6 13. Bg3 O-O 14. Nd2 Nxg3 15.
hxg3 g6 16. Nf3 Bd6 17. Qe2 e5 18. e4 cxd4 19. cxd4 exd4 20. e5 0-1

[Event "European Blitz Championship 2021"]
[Site "Katowice"]
[Date "2021.12.17"]
[Round "9.17"]
[White "Piesik, Piotr"]
[Black "Jaskolka, Tomasz"]
[Result "1-0"]
[WhiteElo "2336"]
[BlackElo "2193"]
[Annotator "NA"]
[PlyCount "125"]
[EventDate "2021.12.17"]
[EventType "swiss"]
[EventCountry "POL"]
[SourceTitle "playchess.com"]
[Source "ChessBase"]
[SourceQuality "1"]

1. Nf3 e6 2. g3 f5 3. Bg2 Nf6 4. O-O Be7 5. d3 O-O 6. Nbd2 d6 7. e4 e5 8. exf5
Bxf5 9. d4 exd4 10. Nxd4 Bg4 11. Qe1 c6 12. Ne6 Bxe6 13. Qxe6+ Kh8 14. Nf3 Qd7
15. Ng5 h6 16. Qxd7 Nbxd7 17. Ne6 Rf7 18. Re1 d5 19. Be3 Ng4 20. Bd4 Bf6 21.
Bxf6 Ngxf6 22. Nd4 Raf8 23. Re2 Nc5 24. Rae1 Kg8 25. h3 Nfe4 26. Rf1 a5 27.
Bxe4 Nxe4 28. Kg2 Nd6 29. Rfe1 a4 30. b3 axb3 31. axb3 Rf6 32. h4 Ne4 33. f3
Nd6 34. Re6 c5 35. Rxf6 Rxf6 36. Ne6 b6 37. Nf4 Nf5 38. Nxd5 Rd6 39. c4 Nd4 40.
Re3 Nc2 41. Re8+ Kh7 42. Rb8 Nd4 43. Rxb6 Rxb6 44. Nxb6 Nxb3 45. h5 Kg8 46. f4
Kf7 47. Kf3 Ke6 48. Ke4 Nd2+ 49. Ke3 Nf1+ 50. Kf2 Nd2 51. g4 Kd6 52. Ke3 Nf1+
53. Ke4 Nd2+ 54. Kd3 Nf1 55. Nd5 Nh2 56. Ne3 Nf3 57. Ke4 Nd2+ 58. Kf5 Ke7 59.
Ke5 Nf3+ 60. Kd5 Ne1 61. Kxc5 Nd3+ 62. Kd4 Nxf4 63. Nd5+ 1-0

[Event "European Blitz Championship 2021"]
[Site "Katowice"]
[Date "2021.12.17"]
[Round "9.17"]
[White "Zakrzewski, Marek"]
[Black "Balog, Imre"]
[Result "1-0"]
[WhiteElo "2279"]
[BlackElo "2573"]
[Annotator "ChessBase"]
[PlyCount "121"]
[EventDate "2021.12.17"]
[EventType "swiss"]
[EventCountry "POL"]
[SourceTitle "playchess.com"]
[Source "ChessBase"]
[SourceQuality "1"]

1. e4 e6 2. d4 d5 3. Nd2 Nc6 4. Ngf3 Nf6 5. e5 Nd7 6. Nb3 f6 7. Bb5 Be7 8. O-O
O-O 9. exf6 Bxf6 10. Re1 Re8 11. Bf4 Nb6 12. Ne5 Bxe5 13. Bxe5 Bd7 14. Bxc6
Bxc6 15. Qg4 Qe7 16. Nd2 Rf8 17. b3 Be8 18. h4 Rf5 19. Re3 Bh5 20. Qg3 Rf7 21.
f4 Bg6 22. Nf3 Bf5 23. h5 h6 24. Nh4 Be4 25. Ng6 Qd8 26. c4 Nd7 27. Rf1 Nxe5
28. Nxe5 Rf5 29. Qh3 Rf8 30. g4 Qe7 31. c5 b6 32. c6 a5 33. Rg3 Qb4 34. Rd1 Bc2
35. Rf1 Qxd4+ 36. Kh2 Rxf4 37. Nf3 Qc5 38. g5 Bf5 39. Qg2 hxg5 40. Rxg5 Qf8 41.
h6 Qf6 42. Rxg7+ Kh8 43. Qg5 Qxg5 44. Rxg5 Be4 45. Nd2 Rxf1 46. Nxf1 Kh7 47.
Rg7+ Kxh6 48. Rxc7 d4 49. Nd2 Bd5 50. Kg3 Kg5 51. Kf2 Kf4 52. Rf7+ Ke5 53. c7
Rc8 54. Nf1 Kd6 55. Ng3 Rxc7 56. Rf6 Rc2+ 57. Ke1 Ke5 58. Rh6 Rxa2 59. Ne2 Bf3
60. Nc1 Be4 61. Nxa2 1-0

[Event "European Blitz Championship 2021"]
[Site "Katowice"]
[Date "2021.12.17"]
[Round "9.18"]
[White "Durarbayli, Vasif"]
[Black "Mis, Mieszko"]
[Result "1-0"]
[WhiteElo "2629"]
[BlackElo "2200"]
[Annotator "ChessBase"]
[PlyCount "69"]
[EventDate "2021.12.17"]
[EventType "swiss"]
[EventCountry "POL"]
[SourceTitle "playchess.com"]
[Source "ChessBase"]
[SourceQuality "1"]

1. e4 c6 2. d4 d5 3. exd5 cxd5 4. c4 Nf6 5. Nc3 Nc6 6. Nf3 g6 7. cxd5 Nxd5 8.
Qb3 Nxc3 9. Bc4 e6 10. bxc3 Bg7 11. Ba3 Na5 12. Bb5+ Bd7 13. Qb2 Qb6 14. Bxd7+
Kxd7 15. Qe2 Qa6 16. Qxa6 bxa6 17. Rb1 Rhc8 18. h4 h6 19. h5 g5 20. Nd2 f5 21.
Bb4 Nc6 22. Bc5 e5 23. Rb7+ Rc7 24. Rxc7+ Kxc7 25. d5 Na5 26. Ke2 e4 27. g4
Bxc3 28. Rc1 Bxd2 29. Kxd2 Kd7 30. Bb4 Nb7 31. Rc6 a5 32. Ba3 fxg4 33. Rxh6 Nd8
34. Rh7+ Ke8 35. Re7+ 1-0

[Event "European Blitz Championship 2021"]
[Site "Katowice"]
[Date "2021.12.17"]
[Round "9.18"]
[White "Jagodzinski, Piotr"]
[Black "Wikar, Martyna"]
[Result "1-0"]
[WhiteElo "2298"]
[BlackElo "2168"]
[Annotator "ChessBase"]
[PlyCount "165"]
[EventDate "2021.12.17"]
[EventType "swiss"]
[EventCountry "POL"]
[SourceTitle "playchess.com"]
[Source "ChessBase"]
[SourceQuality "1"]

1. Nf3 d6 2. d4 Nf6 3. b3 Nbd7 4. Bb2 g6 5. e3 Bg7 6. Be2 O-O 7. O-O c6 8. c4
Qc7 9. Nc3 e5 10. dxe5 Nxe5 11. Qd2 Be6 12. Rad1 Rad8 13. Nd4 Rfe8 14. h3 Ned7
15. Qc1 Nc5 16. b4 Nce4 17. Qa1 Nxc3 18. Bxc3 Qe7 19. a3 Bc8 20. Nf3 Nh5 21.
Bxg7 Nxg7 22. Qc3 Be6 23. Rd2 d5 24. Rfd1 Nf5 25. Ne5 Qg5 26. Ng4 d4 27. exd4
h5 28. Ne3 Nh4 29. d5 Bxh3 30. g3 Nf5 31. Nxf5 Qxf5 32. Bf1 Bg4 33. Rc1 cxd5
34. cxd5 Rxd5 35. Rxd5 Qxd5 36. Bg2 Qd7 37. Qc5 b6 38. Qg5 Qe7 39. Qf4 Qe5 40.
Qd2 Kg7 41. b5 Qe2 42. Qd4+ Qe5 43. Qd2 Qe2 44. Qd4+ Qe5 45. Qc4 Be6 46. Qb4
Rd8 47. Re1 Qd4 48. Qe7 Qd6 49. Qxa7 Bc4 50. Rb1 Qd3 51. Re1 Qc3 52. Re3 Rd1+
53. Kh2 Qf6 54. Rf3 Qd6 55. Rf4 Bxb5 56. Qxf7+ Kh6 57. Rf6 Qd3 58. Qf8+ Kg5 59.
Rf4 Qd8 60. Qb4 Ba6 61. Qa4 Bc8 62. Rh4 Bf5 63. Qf4+ Kf6 64. Bh3 Qd5 65. Bg2
Qd6 66. Qc4 Qc5 67. Qa2 Rd6 68. Qb2+ Qe5 69. Qa2 Kg7 70. Rf4 Kh7 71. a4 Qe7 72.
Qb3 Kh6 73. Rb4 Qe6 74. Qb2 Qf6 75. Qc1+ Kg7 76. Rc4 Bd7 77. Rc7 Kg8 78. Qc4+
Qe6 79. Qf4 Kg7 80. Ra7 Qf6 81. Qe3 Qe6 82. Qxe6 Rxe6 83. Rxd7+ 1-0